[Event "Avoine op 21th"]
[Site "Avoine"]
[Date "2006.07.27"]
[Round "7"]
[White "Pelerin, Martin"]
[Black "Holland, Christophe"]
[Result "1-0"]
[WhiteElo "1956"]
[BlackElo "1751"]
[PlyCount "45"]
[EventDate "2006.07.22"]
[EventType "swiss"]
[EventRounds "9"]
[EventCountry "FRA"]
[SourceTitle "EXT 2007"]
[Source "ChessBase"]
[SourceDate "2006.11.23"]
[SourceVersion "1"]
[SourceVersionDate "2006.11.23"]
[SourceQuality "1"]

1. e4 c6 2. d4 d5 3. e5 Bf5 4. Nf3 e6 5. Be2 a6 6. 0-0 Nd7 7. Nbd2 f6 8. exf6 Ngxf6 9. Nh4 Ne4 10. Nxf5 exf5 11. Nxe4 fxe4 12. f3 e3 13. Qd3 Be7 14. Bxe3 0-0 15. Rae1 Bd6 16. Bf2 Qc7 17. g3 Rf6 18. c4 Rg6 19. Kg2 Nf6 20. c5 Bxg3 21. Bxg3 Rxg3+ 22. hxg3 Nh5 23. f4 1-0

[Event "Avoine op 21th"]
[Site "Avoine"]
[Date "2006.07.24"]
[Round "2"]
[White "Pelerin, Martin"]
[Black "Deschuyteneer, Lucien"]
[Result "1-0"]
[WhiteElo "1956"]
[BlackElo "1445"]
[PlyCount "81"]
[EventDate "2006.07.22"]
[EventType "swiss"]
[EventRounds "9"]
[EventCountry "FRA"]
[SourceTitle "EXT 2007"]
[Source "ChessBase"]
[SourceDate "2006.11.23"]
[SourceVersion "1"]
[SourceVersionDate "2006.11.23"]
[SourceQuality "1"]

1. e4 e5 2. Nf3 Nf6 3. Nxe5 d6 4. Nf3 Nxe4 5. c4 Be7 6. Nc3 Nxc3 7. bxc3 0-0 8. d4 Nc6 9. Bd3 Bg4 10. h3 Bh5 11. Rb1 Rb8 12. 0-0 Bf6 13. Rb5 Bg6 14. Re1 a6 15. Rb2 Re8 16. Be3 Kf8 17. Qc2 Ne7 18. Ng5 Bxg5 19. Bxg5 f6 20. Bf4 Bxd3 21. Qxd3 Ng6 22. Be3 Kg8 23. Qf5 Qc8 24. Qxc8 Rexc8 25. Reb1 b6 26. a4 a5 27. c5 dxc5 28. dxc5 Ne5 29. cxb6 Nc4 30. b7 Re8 31. Ba7 Nxb2 32. Rxb2 Kf7 33. Kf1 Red8 34. Ke2 Re8+ 35. Kf3 Red8 36. Ke4 g6 37. Bxb8 Rxb8 38. Kd5 Ke7 39. Kc6 Kd8 40. Rd2+ Ke8 41. Kxc7 1-0

[Event "Bethune op 26th"]
[Site "Bethune"]
[Date "2005.12.27"]
[Round "2"]
[White "Pelerin, Martin"]
[Black "Delbecq, Jeannot"]
[Result "1-0"]
[WhiteElo "1935"]
[BlackElo "2108"]
[PlyCount "40"]
[EventDate "2005.12.26"]
[EventType "swiss"]
[EventRounds "9"]
[EventCountry "FRA"]
[SourceTitle "CBM 110 Extra"]
[Source "ChessBase"]
[SourceDate "2006.03.10"]
[SourceVersion "2"]
[SourceVersionDate "2006.03.10"]
[SourceQuality "1"]

1. e4 c6 2. d4 d5 3. e5 Bf5 4. Nf3 e6 5. Be2 Ne7 6. 0-0 Nd7 7. Be3 c5 8. c4 Qc7 9. Nc3 a6 10. cxd5 Nxd5 11. Nxd5 exd5 12. dxc5 Be7 13. Nd4 Qxe5 14. c6 Nc5 15. b4 Ne6 16. cxb7 Rb8 17. Nc6 Qc7 18. Nxb8 Qxb8 19. Qa4+ Kf8 20. Qxa6 Bd6 1-0

[Event "Bethune op 26th"]
[Site "Bethune"]
[Date "2005.12.27"]
[Round "3"]
[White "Platel, Alexandre"]
[Black "Pelerin, Martin"]
[Result "1-0"]
[WhiteElo "2170"]
[BlackElo "1935"]
[PlyCount "147"]
[EventDate "2005.12.26"]
[EventType "swiss"]
[EventRounds "9"]
[EventCountry "FRA"]
[SourceTitle "CBM 110 Extra"]
[Source "ChessBase"]
[SourceDate "2006.03.10"]
[SourceVersion "2"]
[SourceVersionDate "2006.03.10"]
[SourceQuality "1"]

1. e4 e5 2. Nf3 Nc6 3. d4 exd4 4. Nxd4 Nf6 5. Nxc6 bxc6 6. e5 Qe7 7. Qe2 Nd5 8. c4 Ba6 9. b3 0-0-0 10. Bb2 f6 11. Qe4 Nb6 12. f4 fxe5 13. fxe5 c5 14. Be2 Bb7 15. Qg4 h5 16. Qh3 Qe6 17. Qxe6 dxe6 18. 0-0 g5 19. Bc3 Bg7 20. Rf7 Rd7 21. Rf1 g4 22. Na3 Re7 23. Bd3 Nd7 24. Rae1 a6 25. Nb1 Bh6 26. Bg6 h4 27. Nd2 Rg8 28. Be4 Bxd2 29. Bxd2 Bxe4 30. Rxe4 Kd8 31. Rff4 Reg7 32. Be1 h3 33. g3 Rg5 34. Bc3 Ke7 35. Kf2 Rf8 36. Ke3 Rgf5 37. b4 Ke8 38. a3 R8f7 39. Rxf5 exf5 40. e6 fxe4 41. exf7+ Kxf7 42. b5 axb5 43. cxb5 Nb6 44. Kxe4 Nc4 45. a4 Kg6 46. Kf4 Nb6 47. Kxg4 Nxa4 48. Be5 c4 49. Bxc7 c3 50. Bf4 c2 51. Kxh3 Kf5 52. Kg2 Nc3 53. Kf3 Nxb5 54. g4+ Kg6 55. Ke4 Nc3+ 56. Kd3 Nd5 57. Bd2 Nf6 58. h3 Nd7 59. Kxc2 Ne5 60. Be3 Nf3 61. Kd3 Ne5+ 62. Ke4 Nf7 63. Bf4 Nd8 64. h4 Ne6 65. Ke5 Ng7 66. Be3 Ne8 67. h5+ Kh7 68. g5 Kg8 69. Bb6 Ng7 70. h6 Nh5 71. g6 Ng3 72. Bf2 Ne2 73. Bd4 Ng3 74. h7+ 1-0

[Event "Aulnoye Aymeries"]
[Site "Aulnoye Aymeries"]
[Date "2005.08.12"]
[Round "9"]
[White "Pelerin, Martin"]
[Black "De Noose, Daniel"]
[Result "1/2-1/2"]
[WhiteElo "1927"]
[BlackElo "1905"]
[PlyCount "101"]
[EventDate "2005.08.09"]
[EventType "tourn"]
[EventRounds "9"]
[EventCountry "FRA"]
[SourceTitle "EXT 2008"]
[Source "ChessBase"]
[SourceDate "2007.11.25"]
[SourceVersion "1"]
[SourceVersionDate "2007.11.25"]
[SourceQuality "1"]

1. e4 e5 2. Nf3 Nc6 3. Bb5 a6 4. Bxc6 dxc6 5. 0-0 Bg4 6. h3 h5 7. d3 Qf6 8. Nbd2 Ne7 9. Nc4 Ng6 10. Re1 0-0-0 11. Bg5 Qxg5 12. Nxg5 Bxd1 13. Raxd1 Rd7 14. Nf3 f6 15. d4 exd4 16. Nxd4 Bd6 17. g3 h4 18. Kg2 hxg3 19. fxg3 Be5 20. Ne6 Re7 21. Nxe5 Nxe5 22. Nc5 b6 23. Nd3 Rd8 24. g4 Nxd3 25. cxd3 c5 26. Kf3 Kd7 27. Rd2 Ke6 28. Ke3 Red7 29. Rg1 g6 30. Rf1 Rh8 31. Rf3 Ke5 32. b3 Rdh7 33. Rh2 b5 34. Rc2 Rxh3 35. Rxc5+ Kd6 36. Rd5+ Ke6 37. a4 c6 38. Rc5 Kd6 39. b4 Rxf3+ 40. Kxf3 Rh3+ 41. Ke2 Rh2+ 42. Ke3 Rb2 43. axb5 axb5 44. g5 fxg5 45. Rxg5 Rxb4 46. Rxg6+ Kd7 47. Kd2 Rd4 48. Kc3 c5 49. Rg7+ Kc6 50. Rg6+ Kc7 51. Rg7+ 1/2-1/2

[Event "Aulnoye Aymeries"]
[Site "Aulnoye Aymeries"]
[Date "2005.08.10"]
[Round "6"]
[White "Lasserre, Marc"]
[Black "Pelerin, Martin"]
[Result "0-1"]
[WhiteElo "1570"]
[BlackElo "1927"]
[PlyCount "106"]
[EventDate "2005.08.09"]
[EventType "tourn"]
[EventRounds "9"]
[EventCountry "FRA"]
[SourceTitle "EXT 2008"]
[Source "ChessBase"]
[SourceDate "2007.11.25"]
[SourceVersion "1"]
[SourceVersionDate "2007.11.25"]
[SourceQuality "1"]

1. d4 d5 2. Nf3 Nf6 3. e3 c5 4. b3 cxd4 5. exd4 e6 6. Bb2 Bd6 7. Bd3 0-0 8. 0-0 b6 9. Nbd2 Ba6 10. c4 Nbd7 11. Rc1 Rc8 12. Qe2 Re8 13. Ne5 Nf8 14. f4 N6d7 15. Kh1 f6 16. Ng4 f5 17. Ne5 Nf6 18. Kg1 Ne4 19. Ndf3 Nd7 20. Rc2 Bxe5 21. fxe5 Bb7 22. Rfc1 Kh8 23. cxd5 Rxc2 24. Rxc2 Bxd5 25. Bb5 Re7 26. Ba3 Rf7 27. Nd2 Nb8 28. Nf3 Rc7 29. Bd3 Qc8 30. Rxc7 Qxc7 31. Ne1 Qc3 32. Bb2 Qc7 33. Qc2 Qxc2 34. Nxc2 Nc6 35. Ne3 Nb4 36. Bb1 Bb7 37. Nc4 Kg8 38. a3 Na6 39. b4 Kf8 40. Kf1 Bd5 41. Bd3 Bxc4 42. Be2 Bxe2+ 43. Kxe2 Nc7 44. Kd3 b5 45. Bc1 Nd5 46. h3 Kf7 47. Ke2 Ke7 48. Kd3 Kd7 49. Kc2 Kc6 50. Kd3 Nb6 51. Be3 Kd5 52. Bc1 Nc4 53. g4 fxg4 0-1

[Event "Aulnoye Aymeries"]
[Site "Aulnoye Aymeries"]
[Date "2005.08.09"]
[Round "3"]
[White "Przymusinski, Nicolas"]
[Black "Pelerin, Martin"]
[Result "1-0"]
[WhiteElo "1984"]
[BlackElo "1927"]
[PlyCount "107"]
[EventDate "2005.08.09"]
[EventType "tourn"]
[EventRounds "9"]
[EventCountry "FRA"]
[SourceTitle "EXT 2008"]
[Source "ChessBase"]
[SourceDate "2007.11.25"]
[SourceVersion "1"]
[SourceVersionDate "2007.11.25"]
[SourceQuality "1"]

1. c4 e6 2. g3 d5 3. Bg2 Nf6 4. Nf3 dxc4 5. Na3 Be7 6. Nxc4 0-0 7. 0-0 b5 8. Nce5 Bb7 9. Qc2 c5 10. a4 a6 11. axb5 axb5 12. Rxa8 Bxa8 13. d3 Nc6 14. Nxc6 Bxc6 15. Be3 Qc7 16. Rc1 Rc8 17. Qb3 Bd5 18. Qd1 Qb7 19. Ra1 Nd7 20. b4 Ra8 21. bxc5 Bxc5 22. Bxc5 Rxa1 23. Qxa1 Nxc5 24. e4 Bc6 25. Ne5 f6 26. Nxc6 Qxc6 27. Qc3 Qc7 28. d4 Na6 29. Qb3 Qd7 30. Bh3 Nc7 31. d5 Kf7 32. dxe6+ Nxe6 33. Bf1 Qb7 34. f3 Qb6+ 35. Kg2 b4 36. Bc4 Qd6 37. f4 Ke7 38. Bxe6 Qxe6 39. Qxb4+ Kf7 40. Qb7+ Kf8 41. Qb8+ Kf7 42. Qb7+ Kf8 43. Qd5 Qb6 44. Kf3 Qc7 45. Qd4 Qe7 46. e5 Qb7+ 47. Ke3 Qb3+ 48. Ke4 Qb7+ 49. Qd5 Qb1+ 50. Qd3 Qh1+ 51. Kf5 fxe5 52. Qd8+ Kf7 53. Qd7+ Kf8 54. Ke6 1-0

[Event "Bethune op-A 25th"]
[Site "Bethune"]
[Date "2004.12.29"]
[Round "6"]
[White "Ait Chaouche, Samy"]
[Black "Pelerin, Martin"]
[Result "1-0"]
[WhiteElo "2057"]
[BlackElo "1920"]
[PlyCount "127"]
[EventDate "2004.12.26"]
[EventType "swiss"]
[EventRounds "7"]
[EventCountry "FRA"]
[SourceTitle "CBM 104 Extra"]
[Source "ChessBase"]
[SourceDate "2005.03.01"]
[SourceVersion "1"]
[SourceVersionDate "2005.03.01"]
[SourceQuality "1"]

1. g3 e5 2. Bg2 d5 3. d3 Nf6 4. Nc3 c6 5. f4 exf4 6. Bxf4 d4 7. Ne4 Nxe4 8. Bxe4 Bb4+ 9. Kf1 Bd6 10. Bd2 0-0 11. Bg2 f5 12. Nf3 f4 13. gxf4 Bxf4 14. Bxf4 Rxf4 15. Qd2 Rf6 16. Ke1 Na6 17. c3 c5 18. Kd1 Be6 19. c4 Qc7 20. Ng5 Bf5 21. a3 h6 22. Bd5+ Kh8 23. h4 Re8 24. Kc2 Bg4 25. Ne4 Rff8 26. Raf1 Rxf1 27. Rxf1 Be6 28. Nf6 Re7 29. Be4 Rf7 30. Ne8 Qd7 31. Rxf7 Bxf7 32. Nf6 Qe7 33. Nd5 Qxh4 34. Nf4 b6 35. e3 dxe3 36. Qxe3 Qf6 37. Qh3 Qxf4 38. Qc8+ Bg8 39. Qxa6 Qc7 40. Qa4 Bf7 41. b4 Kg8 42. bxc5 bxc5 43. Qb5 Kf8 44. a4 Ke7 45. a5 Be8 46. Qa6 h5 47. Bg6 h4 48. Bxe8 Kxe8 49. Qg6+ Kf8 50. Qf5+ Kg8 51. Qd5+ Kf8 52. Qf5+ Ke8 53. Qg6+ Kd8 54. Qg5+ Qe7 55. Qd5+ Kc7 56. a6 Kb6 57. d4 h3 58. Kb3 h2 59. Ka4 Qe8+ 60. Kb3 Kxa6 61. dxc5 Qb8+ 62. Ka4 Qc7 63. c6 Qb6 64. c7 1-0

[Event "Bethune op"]
[Site "Bethune"]
[Date "2004.07.09"]
[Round "8"]
[White "Pelerin, Martin"]
[Black "Delbecq, Jeannot"]
[Result "0-1"]
[WhiteElo "1921"]
[BlackElo "2010"]
[PlyCount "64"]
[EventDate "2004.07.03"]
[EventType "swiss"]
[EventRounds "9"]
[EventCountry "FRA"]
[SourceTitle "EXT 2005"]
[Source "ChessBase"]
[SourceDate "2004.11.15"]
[SourceVersion "1"]
[SourceVersionDate "2004.11.15"]
[SourceQuality "1"]

1. e4 c6 2. d4 d5 3. Nc3 dxe4 4. Nxe4 Bf5 5. Ng3 Bg6 6. h4 h6 7. Nf3 Nd7 8. h5 Bh7 9. Bd3 Bxd3 10. Qxd3 Ngf6 11. Bd2 e6 12. 0-0-0 Be7 13. Kb1 0-0 14. Ne4 Nxe4 15. Qxe4 Nf6 16. Qe2 Qd5 17. Rdg1 Ne4 18. Be3 a5 19. Ne5 a4 20. c4 Qa5 21. Bxh6 a3 22. Bc1 axb2 23. Bxb2 Qxa2+ 24. Kc1 Bg5+ 25. Kc2 Nd2 26. Rh3 Qa4+ 27. Kd3 Qb3+ 28. Bc3 b5 29. c5 Rfd8 30. Qg4 Ra2 31. Rc1 Ne4 32. Qxe4 Rd2# 0-1

[Event "Bethune-C"]
[Site "Bethune"]
[Date "2002.07.06"]
[Round "1.13"]
[White "Casier, Fabrice"]
[Black "Pelerin, Martin"]
[Result "1/2-1/2"]
[WhiteElo "1750"]
[BlackElo "1870"]
[PlyCount "46"]
[EventDate "2002.07.06"]
[EventType "tourn"]
[EventRounds "9"]
[EventCountry "FRA"]
[SourceTitle "EXT 2005"]
[Source "ChessBase"]
[SourceDate "2004.11.15"]
[SourceVersion "1"]
[SourceVersionDate "2004.11.15"]
[SourceQuality "1"]

1. c4 e5 2. Nc3 Nc6 3. g3 g6 4. Bg2 Bg7 5. Nf3 d6 6. d3 Nf6 7. Rb1 a5 8. a3 0-0 9. b4 axb4 10. axb4 Bg4 11. Be3 Qc8 12. h3 Bd7 13. Nd2 Ne7 14. b5 Nf5 15. Bg5 h6 16. Bxf6 Bxf6 17. Nd5 Bd8 18. Ne4 c6 19. Ndf6+ Kg7 20. Nxd7 Ba5+ 21. Nd2 Qxd7 22. 0-0 c5 23. Kh2 Bb4 1/2-1/2

[Event "Bethune-C"]
[Site "Bethune"]
[Date "2001.??.??"]
[Round "?"]
[White "Griffon, Olivier"]
[Black "Pelerin, Martin"]
[Result "1-0"]
[WhiteElo "1800"]
[BlackElo "1780"]
[PlyCount "79"]
[EventDate "2001.??.??"]
[EventType "tourn"]
[EventRounds "9"]
[EventCountry "FRA"]
[SourceTitle "EXT 2003"]
[Source "ChessBase"]
[SourceDate "2002.11.25"]
[SourceVersion "1"]
[SourceVersionDate "2002.11.25"]
[SourceQuality "1"]

1. d4 Nf6 2. Bg5 c5 3. Bxf6 gxf6 4. Nc3 cxd4 5. Qxd4 Nc6 6. Qd2 Qb6 7. e3 Bg7 8. Bc4 f5 9. Nge2 e6 10. 0-0 Rg8 11. Bb3 Ne5 12. Kh1 a6 13. a4 Qc7 14. Nf4 Ng6 15. Nfe2 b6 16. Rad1 Bb7 17. Qd6 Qd8 18. Qb4 Bf8 19. Qd4 Bc5 20. Qd2 Nh4 21. Nf4 Qg5 22. Qxd7+ Kf8 23. Qxb7 Re8 24. g3 Ng6 25. Nxg6+ hxg6 26. Rd7 Re7 27. Rxe7 Bxe7 28. Qb8+ Kg7 29. Qe5+ Bf6 30. Qf4 Qh5 31. f3 Bg5 32. Qc7 Rh8 33. h4 Bxh4 34. gxh4 Qxh4+ 35. Kg2 Rh5 36. Ne2 Qh3+ 37. Kf2 Rg5 38. Ke1 Qh4+ 39. Kd2 Qb4+ 40. Qc3+ 1-0

[Event "Bethune-C"]
[Site "Bethune"]
[Date "2001.??.??"]
[Round "?"]
[White "Pelerin, Martin"]
[Black "Sergent, Francois"]
[Result "1-0"]
[WhiteElo "1780"]
[BlackElo "1640"]
[PlyCount "47"]
[EventDate "2001.??.??"]
[EventType "tourn"]
[EventRounds "9"]
[EventCountry "FRA"]
[SourceTitle "EXT 2003"]
[Source "ChessBase"]
[SourceDate "2002.11.25"]
[SourceVersion "1"]
[SourceVersionDate "2002.11.25"]
[SourceQuality "1"]

1. e4 c6 2. d4 d5 3. e5 Bf5 4. Nc3 e6 5. g4 Bg6 6. Nge2 c5 7. h4 h5 8. Nf4 Bh7 9. Nxh5 cxd4 10. Qxd4 Bxc2 11. Bd2 Nc6 12. Bb5 a6 13. Bxc6+ bxc6 14. Na4 Rb8 15. Rc1 Be4 16. Rh3 Qc7 17. Nc5 Bxc5 18. Rxc5 Ne7 19. Nxg7+ Kd7 20. Nh5 Bb1 21. a3 Ba2 22. Bb4 Bb1 23. Rc1 Bg6 24. Nf6+ 1-0

[Event "Bethune-C"]
[Site "Bethune"]
[Date "2001.??.??"]
[Round "?"]
[White "Pelerin, Martin"]
[Black "Swiercz, Sandra"]
[Result "1-0"]
[WhiteElo "1780"]
[BlackElo "1670"]
[PlyCount "91"]
[EventDate "2001.??.??"]
[EventType "tourn"]
[EventRounds "9"]
[EventCountry "FRA"]
[SourceTitle "EXT 2003"]
[Source "ChessBase"]
[SourceDate "2002.11.25"]
[SourceVersion "1"]
[SourceVersionDate "2002.11.25"]
[SourceQuality "1"]

1. e4 e5 2. Nf3 Nc6 3. Bb5 Nge7 4. 0-0 g6 5. c3 Bg7 6. d4 exd4 7. cxd4 a6 8. Ba4 0-0 9. d5 Ne5 10. Nxe5 Bxe5 11. f4 Bg7 12. Nc3 d6 13. Qe2 f5 14. e5 dxe5 15. fxe5 Kh8 16. Bg5 b5 17. Bb3 Qd7 18. Rad1 Bb7 19. Bxe7 Qxe7 20. Rfe1 Rfe8 21. e6 Bxc3 22. bxc3 Qc5+ 23. Qe3 Qxe3+ 24. Rxe3 Rad8 25. c4 bxc4 26. Bxc4 Rd6 27. Bb3 Re7 28. Rc3 c6 29. dxc6 Rxc6 30. Rxc6 Bxc6 31. Rd6 Bb5 32. a4 Be8 33. Rxa6 Rb7 34. Bd5 Rb8 35. Bc6 Bxc6 36. Rxc6 Ra8 37. e7 Kg7 38. Rd6 Re8 39. Rd7 Kf7 40. a5 Ke6 41. Rd3 Kf6 42. Re3 Kf7 43. a6 Kg7 44. a7 Kf7 45. Rb3 Rxe7 46. a8Q 1-0

[Event "Bethune op 21st"]
[Site "Bethune"]
[Date "2000.??.??"]
[Round "4"]
[White "Jossien, Remy"]
[Black "Pelerin, Martin"]
[Result "1-0"]
[WhiteElo "2140"]
[BlackElo "1710"]
[PlyCount "37"]
[EventDate "2000.12.26"]
[EventType "swiss"]
[EventRounds "7"]
[EventCountry "FRA"]
[SourceTitle "EXT 2003"]
[Source "ChessBase"]
[SourceDate "2002.11.25"]
[SourceVersion "1"]
[SourceVersionDate "2002.11.25"]
[SourceQuality "1"]

1. e4 e5 2. f4 exf4 3. Nf3 g5 4. Bc4 Bg7 5. 0-0 h6 6. d4 d6 7. Nc3 c6 8. g3 Bh3 9. Rf2 Qd7 10. gxf4 Nf6 11. Kh1 Ng4 12. Re2 b5 13. Bb3 gxf4 14. Bxf4 0-0 15. Qd2 Kh7 16. Rg1 Nf6 17. Rxg7+ Kxg7 18. Bxh6+ Kg8 19. Qg5+ 1-0